| 000 | 00979nas a2200325 4500 | ||
|---|---|---|---|
| 001 | BR0902553 | ||
| 003 | BR-BrBNA | ||
| 005 | 20231205113345.0 | ||
| 007 | ta | ||
| 008 | 230509b bl.|||p| |||| 00| 00por d | ||
| 040 |
_aBR-BrBNA _bpor _cBiblioteca Nacional de Agricultura |
||
| 041 | _a(Pt) | ||
| 072 | _aQ02; Q04 | ||
| 100 | 1 | _aPereira, J.M. de A.T.K. | |
| 100 | 1 | _aMinim, V.P.R. | |
| 100 | 1 | _aPuschmann, R. | |
| 100 | 1 | _aVanetti, M.C.D. | |
| 100 | 1 | _aSoares, N. de F.F. | |
| 100 | 1 | _aMoretti, C.L. | |
| 100 | 1 | _aVieira, J.V. | |
| 245 | 1 | _aQualidade físico-química de mini-cenouras revestidas | |
| 650 | _aCENOURA | ||
| 650 | _aPROCESSAMENTO MÍNIMO | ||
| 650 | _aQUALIDADE | ||
| 650 | _aPROPRIEDADE FÍSICO-QUÍMICA | ||
| 773 | 0 |
_tRevista Ceres (Brazil) _xISSN 0034-737X _g(Nov-Dec 2008), v. 55(6) p. 537-542 _wBR0902553 |
|
| 856 | 4 | 0 | _uhttp://www.aprh.pt/rgci/pdf/rgci-155_Borges.pdf |
| 909 |
_a202311 _bLúcia _c55 _dLúcia Elande |
||
| 942 |
_2AGRIS _n0 _cANA |
||
| 999 |
_c203337 _d203337 |
||